Statistiques concernant Voc allemand - Volonté

Cliquez ici pour prendre le quiz!

Statistiques générales

  • Ce quiz a été pris 10 fois
  • Le résultat moyen est 21 sur 57

Statistiques - réponses

HintRéponse% Correct
Ankommen aufDépendre (de)
90%
LassenLaisser / faire
90%
MöglichstLe plus...possible / si possible
80%
BittenDemander
70%
Die Aufforderung, -enLa convocation / la demande
70%
Die Bitte, -nLa demande
70%
Die Möglichkeit, -enLa possibilité
70%
Der WilleLa volonté
70%
DafürPour
70%
WählenChoisir
60%
BeratenConseiller
60%
VerbietenInterdire
60%
Die Entscheidung, -enLa décision
60%
Der Zweck, -eLa fin / le but
60%
Der RatLe conseil
60%
Die LustL'envie
60%
Das Verbot, eL'interdiction
60%
Sich entschliessenSe décider
60%
VerhindernEmpêcher
50%
AusschliessenExclure
50%
BeeinflussenInfluencer
50%
Die Demonstration, -enLa manifestation
50%
Der Protest, -eLa protestation
50%
Sich weigernrefuser
50%
AblehnenRefuser
50%
EinverstandenD'accord
40%
VerlangenExiger
40%
Der Vorschlag, ¨-eLa proposition
40%
Der Einfluss, ¨-eL'influence
40%
Der Befehl, -eL'ordre
40%
ErlaubenPermettre
40%
Sich wenden anS'adresser
40%
Die ErlaubnisLa permission
30%
Die Genehmigung, -enL'autorisation
30%
DringendUrgent
30%
DagegenContre
20%
BestimmenDécider / fixer
20%
ZwingenForcer
20%
ZögernHésiter
20%
Der Widerstand, ¨-eLa résistance
20%
Entweder...oderOu...ou
20%
VorziehenPréférer
20%
BeauftragenCharger
10%
Die Anweisung, -enL'instruction
10%
Die Absicht, -enL'intention
10%
GehorchenObéir
10%
DamitPour que
10%
VorhabenProjeter
10%
ZulassenAdmettre
0%
AbmachenArranger / régler
0%
BeschlissenDécréter
0%
PrimaExcellent
0%
PlanenFaire des projets
0%
NickenFaire un signe de tête
0%
Der Entschluss, ¨-eLa résolution
0%
Die Zustimmung, -enLe consentement
0%
ÜberredenPersuader
0%

Distribution des résultats

Percentile par nombre de réponses

% des personnes avec chaque résultat

Votre développement - résultats

Vous n’avez pas pris ce quiz